000 00884nam a22002657a 4500
999 _c15507
_d15507
003 MIRAKIL
005 20240229140536.0
008 240229b tu ||||| |||| 00| 0 tur d
020 _a9786059658607
040 _aTR-AnCHP
_cTR-AnCHP
041 _atur
082 _aATA 815.42
_bA72s 2016
090 _aATA 815.42 A72s 2016
100 1 _aAtatürk, Gazi Mustafa Kemal
_d1881-1938
245 1 0 _aSöylev (nutuk) /
_cMustafa kemal Atatürk
250 _a19. bs.
260 _aİstanbul :
_bKırmızı Kedi Yayınevi,
_c2016.
300 _a243 s. ;
_c20 cm.
490 0 _aKırmızı Kedi Yayınevi ;
_v619.
490 0 _aGençlik ;
_v155.
600 1 4 _91465
_aAtatürk, Gazi Mustafa Kemal
_d1881-1938
_xSöylev
650 0 _9796
_aSiyasal Tarih
_y1919-1927
_zTürkiye
856 _zDijital Nüshası için Partimizin Kütüphane Sorumlusu ile iletişime geçiniz.
942 _2ddc
_cBKS